| 000 | 02772cam a2200349 a 4500 | ||
|---|---|---|---|
| 003 | EG-GiCUC | ||
| 005 | 20250223032519.0 | ||
| 008 | 200204s2019 ua dh f m 000 0 eng d | ||
| 040 |
_aEG-GiCUC _beng _cEG-GiCUC |
||
| 041 | 0 | _aeng | |
| 049 | _aDeposite | ||
| 097 | _aPh.D | ||
| 099 | _aCai01.11.25.Ph.D.2019.El.A | ||
| 100 | 0 | _aElsaid Hamdy Zaki Shalaby | |
| 245 | 1 | 0 |
_aArthroscopic ankle fusion without using graft / _cElsaid Hamdy Zaki Shalaby ; Supervised Ibrahim Taha Algeaidy , Abdelsalam Ahmes Elhamamsy , Moustafa Raafat Hafez |
| 246 | 1 | 5 | _aتثبيت مفصل الكاحل بواسطة المنظار بدون ترقيع عظمى |
| 260 |
_aCairo : _bElsaid Hamdy Zaki shalaby , _c2019 |
||
| 300 |
_a147 P. : _bcharts , facsimiles ; _c25cm |
||
| 502 | _aThesis (Ph.D.) - Cairo University - Faculty of Medicine - Department of Orthopaedic Surgery | ||
| 520 | _aBackground: Ankle arthritis is a debilitating condition. It presents with pain and deformity of the ankle and severely affects the patient{u2019}s quality of life. Post traumatic arthritis is the most common cause representing 70% of cases. It is critical to exhaust an extensive course of non-surgical treatment prior to offering surgical options. After failed non-operative management, ankle arthrodesis has long been an effective surgical option for tibiotalar arthrosis to eliminate pain and deformity of the degenerated ankle joint. Multiple techniques for ankle fusion have been described, including open fusion and in situ fusion. Arthroscopic arthrodesis has been used mainly for in situ fusion of arthritic ankles without deformity. Objectives: Aim of this study is to evaluate the results of arthroscopic ankle fusion for cases of ankle arthritis and foot drop using American orthopedic foot and ankle society (AOFAS) scoring system. Patients and methods: A prospective study was carried out on 31 patients with ankle disorders requiring arthroscopic ankle arthrodesis. All cases were selected from the foot and ankle and general orthopedic outpatient clinic of Cairo University. Patients were evaluated pre and postoperatively using AOFAS score and followed up for one year.Results: The mean pain, activity, walking distance, walking surfaces, gait, stability, alignment and total scores were significantly improved in the final follow up as compared to preoperative scores | ||
| 530 | _aIssued also as CD | ||
| 653 | 4 | _aAnkle | |
| 653 | 4 | _aArthritis | |
| 653 | 4 | _aArthrodesis | |
| 700 | 0 |
_aAbdelsalam Ahmes Elhamamsy , _eSupervisor |
|
| 700 | 0 |
_aIbrahim Taha Algeaidy , _eSupervisor |
|
| 700 | 0 |
_aMoustafa Raafat Hafez , _eSupervisor |
|
| 856 | _uhttp://172.23.153.220/th.pdf | ||
| 905 |
_aNazla _eRevisor |
||
| 905 |
_aShimaa _eCataloger |
||
| 942 |
_2ddc _cTH |
||
| 999 |
_c76504 _d76504 |
||